| 000 | 01634nam a2200277Ia 4500 | ||
|---|---|---|---|
| 999 |
_c41678 _d41678 |
||
| 001 | 8352 | ||
| 003 | GE_BSU | ||
| 005 | 20240501165708.0 | ||
| 008 | 181216s2013||||ge |||||||||||||| ||geo|| | ||
| 020 | _a9789941220364 | ||
| 040 | _cGE_BSU | ||
| 041 | _ageo | ||
| 080 | _a368(075.8)+347.79(075.8) ყ–96 | ||
| 100 |
_aყურშუბაძე, ციური _96526 |
||
| 245 |
_aსაზღვაო დაზღვევა და მასთან დაკავშირებული საკითხების სამართლებრივი რეგულირება / _cციური ყურშუბაძე, იაგო წულაძე ; რედ. : ზვიად გაბისონია, როსტომ გუნთაიშვილი. |
||
| 264 |
_aთბილისი : _bუნივერსალი, _c2013. |
||
| 300 |
_a239 გვ. ; _c21 სმ. |
||
| 504 | _aბიბლიოგრ. : გვ. 234-239 | ||
| 653 | _aსაზღვაო დაზღვევა და მასთან დაკავშირებული საკითხების სამართლებრივი რეგულირება | ||
| 653 | _aსაზღვაო დაზღვევა | ||
| 653 | _aსაზღვაო სამართალი | ||
| 700 |
_aწულაძე, იაგო _eავტორი _922025 |
||
| 700 |
_aგაბისონია, ზვიად _eრედაქტორი _98189 |
||
| 700 |
_aგუნთაიშვილი, როსტომ _eრედაქტორი _92269 |
||
| 942 |
_cBK _2udc |
||